[Event "Sevilla Open 2018"]
[Site "Sevilla ESP"]
[Date "2018.01.20"]
[Round "9.3"]
[White "Gleizerov, Evgeny"]
[Black "Bjerre, Jonas Buhl"]
[Result "1-0"]
[WhiteElo "2509"]
[BlackElo "2367"]
[PlyCount "65"]
[EventDate "2018.01.12"]
[EventType "swiss"]
[EventRounds "9"]
[EventCountry "ESP"]
[SourceTitle "Ajedrez en Madrid"]
[Source "lmi"]
[SourceDate "2018.01.12"]
[SourceVersion "1"]
[SourceVersionDate "2018.01.25"]
[SourceQuality "1"]
[WhiteTeam "Rusia"]
[BlackTeam "Dinamarca"]
[WhiteTeamCountry "RUS"]
[BlackTeamCountry "DEN"]

1. d4 Nf6 2. c4 e6 3. g3 c5 4. d5 exd5 5. cxd5 d6 6. Nc3 g6 7. Nf3 Bg7 8. Bg2
O-O 9. O-O a6 10. a4 Re8 11. Bf4 Nh5 12. Bg5 Qc7 13. Rc1 Nd7 14. b4 cxb4 15.
Nb5 Qxc1 16. Bxc1 axb5 17. axb5 Nc5 18. Nd2 Bd7 19. Nc4 Bxb5 20. Nxd6 Bxe2 21.
Qc2 Bxf1 22. Nxe8 Rxe8 23. Qxc5 Ba6 24. Qxb4 Bf8 25. Qc3 Bg7 26. Qa5 Bd4 27.
Bf1 Nf6 28. Bxa6 bxa6 29. d6 Re2 30. Bh6 Re8 31. Qa4 Bc5 32. Qxe8+ Nxe8 33. d7
1-0

[Event "Sevilla Open 2018"]
[Site "Sevilla ESP"]
[Date "2018.01.20"]
[Round "9.4"]
[White "Anurag, Mhamal"]
[Black "Pap, Misa"]
[Result "1/2-1/2"]
[WhiteElo "2472"]
[BlackElo "2491"]
[PlyCount "119"]
[EventDate "2018.01.12"]
[EventType "swiss"]
[EventRounds "9"]
[EventCountry "ESP"]
[SourceTitle "Ajedrez en Madrid"]
[Source "lmi"]
[SourceDate "2018.01.12"]
[SourceVersion "1"]
[SourceVersionDate "2018.01.25"]
[SourceQuality "1"]
[WhiteTeam "India"]
[BlackTeam "Serbia"]
[WhiteTeamCountry "IND"]
[BlackTeamCountry "SRB"]

1. e4 c5 2. Nf3 Nc6 3. Bb5 g6 4. Bxc6 dxc6 5. d3 Bg7 6. h3 b6 7. O-O e5 8. a4
a5 9. Bd2 f6 10. Nc3 Nh6 11. Ne2 Nf7 12. Bc3 O-O 13. Nd2 Qc7 14. f4 exf4 15.
Nxf4 Ne5 16. Nf3 Bd7 17. Nxe5 fxe5 18. Ne2 Be6 19. b3 Qe7 20. Qd2 Qh4 21. Qe3
Bh6 22. Qg3 Qxg3 23. Nxg3 Be3+ 24. Kh1 Bd4 25. Ne2 Rxf1+ 26. Rxf1 Bxc3 27. Nxc3
Rf8 28. Rxf8+ Kxf8 29. Kh2 Ke7 30. Kg3 Kf6 31. Kh4 Bf7 32. Nd1 b5 33. c4 b4 34.
Ne3 g5+ 35. Kg3 h5 36. Nf5 Ke6 37. Kf3 Bg6 38. Ne3 Kf6 39. g3 Ke6 40. Ng2 Kf6
41. Ne1 Bf7 42. Kf2 Be6 43. Kg2 Bc8 44. Kh2 Be6 45. Nc2 Bc8 46. Ne3 g4 47. h4
Be6 48. Kg2 Bd7 49. Kf2 Be6 50. Ke2 Bd7 51. Kd2 Be6 52. Nd1 Bc8 53. Nf2 Ke6 54.
Nd1 Kf6 55. Ke2 Ke6 56. Ke1 Kf6 57. Kd2 Ke6 58. Ne3 Kf6 59. Nc2 Ke6 60. Ne3
1/2-1/2

[Event "Sevilla Open 2018"]
[Site "Sevilla ESP"]
[Date "2018.01.20"]
[Round "9.5"]
[White "Vega Gutierrez, Sabrina"]
[Black "Vasquez Schroeder, Rodrigo"]
[Result "0-1"]
[WhiteElo "2427"]
[BlackElo "2554"]
[PlyCount "96"]
[EventDate "2018.01.12"]
[EventType "swiss"]
[EventRounds "9"]
[EventCountry "ESP"]
[SourceTitle "Ajedrez en Madrid"]
[Source "lmi"]
[SourceDate "2018.01.12"]
[SourceVersion "1"]
[SourceVersionDate "2018.01.25"]
[SourceQuality "1"]
[WhiteTeam "España"]
[BlackTeam "Chile"]
[WhiteTeamCountry "ESP"]
[BlackTeamCountry "CHI"]

1. e4 e5 2. Nf3 Nc6 3. Bc4 Bc5 4. c3 Nf6 5. d3 a6 6. O-O Ba7 7. Re1 d6 8. a4
Ne7 9. d4 Ng6 10. h3 O-O 11. Be3 h6 12. Nbd2 Re8 13. Bf1 exd4 14. Bxd4 Bd7 15.
Bxa7 Rxa7 16. Qc2 Ra8 17. Re3 b5 18. axb5 axb5 19. Rxa8 Qxa8 20. Nd4 Qb7 21. b4
c5 22. N4b3 c4 23. Na5 Qc7 24. Nf3 d5 25. exd5 Rxe3 26. fxe3 Nxd5 27. Qd2 Nf6
28. Qd4 Qg3 29. Nb7 Bxh3 30. Qd6 Qg4 31. Nc5 Qh5 32. Qb8+ Kh7 33. Qxb5 Bg4 34.
Nh2 Be2 35. Qb7 Ne5 36. Bxe2 Qxe2 37. Nf1 Qe1 38. Ne4 Nfg4 39. Neg3 Qxc3 40. b5
Qb2 41. b6 c3 42. Qe4+ g6 43. b7 h5 44. Qd4 Qf2+ 45. Kh1 c2 46. Qc3 h4 47. b8=Q
hxg3 48. Nxg3 Qxg3 0-1

[Event "Sevilla Open 2018"]
[Site "Sevilla ESP"]
[Date "2018.01.20"]
[Round "9.6"]
[White "Martinez Martin, David"]
[Black "Kveinys, Aloyzas"]
[Result "1-0"]
[WhiteElo "2399"]
[BlackElo "2547"]
[PlyCount "39"]
[EventDate "2018.01.12"]
[EventType "swiss"]
[EventRounds "9"]
[EventCountry "ESP"]
[SourceTitle "Ajedrez en Madrid"]
[Source "lmi"]
[SourceDate "2018.01.12"]
[SourceVersion "1"]
[SourceVersionDate "2018.01.25"]
[SourceQuality "1"]
[WhiteTeam "España"]
[BlackTeam "Lituania"]
[WhiteTeamCountry "ESP"]
[BlackTeamCountry "LTU"]

1. e4 c5 2. Nf3 e6 3. d4 cxd4 4. Nxd4 a6 5. Be2 Nf6 6. Nc3 Qc7 7. O-O Nc6 8.
Be3 Bb4 9. Nxc6 bxc6 10. Qd4 Bd6 11. f4 e5 12. Qd2 exf4 13. Rad1 Be5 14. Bxf4
d6 15. Bxe5 dxe5 16. Qg5 Kf8 17. Rxf6 Qe7 18. Rg6 f6 19. Qh4 h5 20. g4 1-0

[Event "Sevilla Open 2018"]
[Site "Sevilla ESP"]
[Date "2018.01.20"]
[Round "9.7"]
[White "Campora, Daniel H"]
[Black "Santos Latasa, Jaime"]
[Result "1/2-1/2"]
[WhiteElo "2417"]
[BlackElo "2546"]
[PlyCount "67"]
[EventDate "2018.01.12"]
[EventType "swiss"]
[EventRounds "9"]
[EventCountry "ESP"]
[SourceTitle "Ajedrez en Madrid"]
[Source "lmi"]
[SourceDate "2018.01.12"]
[SourceVersion "1"]
[SourceVersionDate "2018.01.25"]
[SourceQuality "1"]
[WhiteTeam "Argentina"]
[BlackTeam "España"]
[WhiteTeamCountry "ARG"]
[BlackTeamCountry "ESP"]

1. Nf3 c5 2. g3 Nc6 3. Bg2 g6 4. O-O Bg7 5. c4 d6 6. Nc3 Bf5 7. d3 Qd7 8. Nd5
Rc8 9. Re1 Nf6 10. Bd2 O-O 11. Bc3 Nxd5 12. cxd5 Nd4 13. Rc1 Bg4 14. Nxd4 cxd4
15. Bd2 Qb5 16. h3 Bd7 17. Rxc8 Rxc8 18. Qb1 Qa4 19. b3 Qa3 20. Rc1 Rxc1+ 21.
Bxc1 Qb4 22. Kf1 Qc3 23. Bb2 Qc8 24. h4 Bh3 25. Qc1 Bxg2+ 26. Kxg2 Qc5 27. Qxc5
dxc5 28. f4 f5 29. Kf3 b6 30. e4 dxe3 31. Be5 Bxe5 32. fxe5 h6 33. Kxe3 g5 34.
h5 1/2-1/2

[Event "Sevilla Open 2018"]
[Site "Sevilla ESP"]
[Date "2018.01.20"]
[Round "9.8"]
[White "Swapnil, S. Dhopade"]
[Black "Montero Melendez, Rafael"]
[Result "1-0"]
[WhiteElo "2533"]
[BlackElo "2384"]
[PlyCount "83"]
[EventDate "2018.01.12"]
[EventType "swiss"]
[EventRounds "9"]
[EventCountry "ESP"]
[SourceTitle "Ajedrez en Madrid"]
[Source "lmi"]
[SourceDate "2018.01.12"]
[SourceVersion "1"]
[SourceVersionDate "2018.01.25"]
[SourceQuality "1"]
[WhiteTeam "India"]
[BlackTeam "España"]
[WhiteTeamCountry "IND"]
[BlackTeamCountry "ESP"]

1. d4 d5 2. c4 c6 3. Nf3 Nf6 4. g3 Bf5 5. Nc3 e6 6. Nh4 Bg4 7. f3 Bh5 8. Qb3
Qb6 9. c5 Qxb3 10. axb3 Be7 11. b4 O-O 12. Ng2 Na6 13. b5 cxb5 14. Nxb5 Nb4 15.
Ra4 Nc6 16. Nf4 b6 17. Nxh5 Nxh5 18. cxb6 axb6 19. Rxa8 Rxa8 20. e3 Ra1 21. Kd2
Nf6 22. Bg2 Na5 23. Kc2 Nc4 24. Bf1 Ra5 25. b3 Rxb5 26. bxc4 Ra5 27. Bb2 Kf8
28. Kb3 h5 29. Bd3 g5 30. cxd5 Nxd5 31. e4 Nf6 32. Rc1 g4 33. f4 h4 34. Rc8+
Kg7 35. d5 hxg3 36. d6 gxh2 37. dxe7 h1=Q 38. e8=Q Qd1+ 39. Bc2 Qf3+ 40. Kb4 e5
41. Qh8+ Kg6 42. f5+ 1-0

[Event "Sevilla Open 2018"]
[Site "Sevilla ESP"]
[Date "2018.01.20"]
[Round "9.9"]
[White "Pogorelov, Ruslan"]
[Black "Aroshidze, Levan"]
[Result "1-0"]
[WhiteElo "2358"]
[BlackElo "2516"]
[PlyCount "129"]
[EventDate "2018.01.12"]
[EventType "swiss"]
[EventRounds "9"]
[EventCountry "ESP"]
[SourceTitle "Ajedrez en Madrid"]
[Source "lmi"]
[SourceDate "2018.01.12"]
[SourceVersion "1"]
[SourceVersionDate "2018.01.25"]
[SourceQuality "1"]
[WhiteTeam "Ucrania"]
[BlackTeam "España"]
[WhiteTeamCountry "UKR"]
[BlackTeamCountry "ESP"]

1. Nf3 c5 2. c4 Nf6 3. Nc3 b6 4. g3 Bb7 5. Bg2 e6 6. O-O Be7 7. d4 cxd4 8. Qxd4
d6 9. Rd1 a6 10. Bg5 Nbd7 11. Qd2 O-O 12. Bf4 Ne8 13. Rac1 Rc8 14. b3 h6 15. g4
Qc7 16. g5 hxg5 17. Nxg5 Bxg2 18. Kxg2 Ne5 19. f3 Nf6 20. Kh1 Rfd8 21. Rg1 Bf8
22. Qe1 Qe7 23. Bxe5 dxe5 24. Qh4 g6 25. Nce4 Bg7 26. Nxf6+ Qxf6 27. Rg4 Rd4
28. Qh7+ Kf8 29. Ne4 Qf5 30. Rcg1 Rcd8 31. Ng3 Qf6 32. Nh5 gxh5 33. Rxg7 Rd1
34. Rg8+ Ke7 35. Rxd8 Rxd8 36. Qe4 Qf4 37. Qb7+ Kf6 38. Qxb6 Rd2 39. Qf2 Rxa2
40. c5 Rc2 41. Ra1 h4 42. Ra4 Rc1+ 43. Kg2 Qg5+ 44. Rg4 Qh5 45. Rxh4 Qg6+ 46.
Rg4 Qh6 47. f4 Ke7 48. fxe5 Rc3 49. Rg3 Rc2 50. Qf3 Rd2 51. Qb7+ Rd7 52. Qe4
Rd5 53. c6 a5 54. c7 Qh8 55. Qc4 Qc8 56. Qc6 Rxe5 57. Rd3 Qg8+ 58. Kf2 Rf5+ 59.
Rf3 Rg5 60. c8=N+ Kf8 61. Qd6+ Kg7 62. Ne7 Qh8 63. Qf4 Qh5 64. Qxg5+ Qxg5 65.
Rg3 1-0

[Event "Sevilla Open 2018"]
[Site "Sevilla ESP"]
[Date "2018.01.20"]
[Round "9.10"]
[White "Matamoros Franco, Carlos S"]
[Black "Carrasco Martinez, Juan M"]
[Result "1-0"]
[WhiteElo "2484"]
[BlackElo "2373"]
[PlyCount "87"]
[EventDate "2018.01.12"]
[EventType "swiss"]
[EventRounds "9"]
[EventCountry "ESP"]
[SourceTitle "Ajedrez en Madrid"]
[Source "lmi"]
[SourceDate "2018.01.12"]
[SourceVersion "1"]
[SourceVersionDate "2018.01.25"]
[SourceQuality "1"]
[WhiteTeam "Ecuador"]
[BlackTeam "España"]
[WhiteTeamCountry "ECU"]
[BlackTeamCountry "ESP"]

1. Nf3 Nf6 2. c4 c5 3. Nc3 e6 4. g3 b6 5. Bg2 Bb7 6. O-O Be7 7. b3 d6 8. Bb2 a6
9. e3 O-O 10. d4 Qc7 11. d5 exd5 12. Nxd5 Nxd5 13. cxd5 Nd7 14. e4 Rad8 15. Rc1
Qb8 16. Re1 Rfe8 17. Qd2 Ne5 18. b4 cxb4 19. Qxb4 b5 20. Nxe5 dxe5 21. Qa5 Bd6
22. Ba3 Re7 23. Bxd6 Qxd6 24. Rc2 g6 25. Rec1 f5 26. a4 bxa4 27. Qxa4 fxe4 28.
Bxe4 Kg7 29. Qa5 Rdd7 30. h4 Rf7 31. Rc5 Qf6 32. Qd2 Rd6 33. Rc7 Rdd7 34. Rxd7
Rxd7 35. Qa5 Qd6 36. Rc2 Rf7 37. Kh2 Rd7 38. Rb2 Qf6 39. Qc5 Qd8 40. Rd2 Rd6
41. Qc3 Rf6 42. Qxe5 Qd6 43. f4 a5 44. Rc2 1-0

[Event "Sevilla Open 2018"]
[Site "Sevilla ESP"]
[Date "2018.01.20"]
[Round "9.11"]
[White "Barrero Garcia, Carlos"]
[Black "Xu, Yi"]
[Result "0-1"]
[WhiteElo "2321"]
[BlackElo "2482"]
[PlyCount "84"]
[EventDate "2018.01.12"]
[EventType "swiss"]
[EventRounds "9"]
[EventCountry "ESP"]
[SourceTitle "Ajedrez en Madrid"]
[Source "lmi"]
[SourceDate "2018.01.12"]
[SourceVersion "1"]
[SourceVersionDate "2018.01.25"]
[SourceQuality "1"]
[WhiteTeam "España"]
[BlackTeam "China"]
[WhiteTeamCountry "ESP"]
[BlackTeamCountry "CHN"]

1. d4 Nf6 2. c4 e6 3. Nf3 d5 4. Nc3 Bb4 5. cxd5 exd5 6. Qa4+ Nc6 7. Bg5 h6 8.
Bxf6 Qxf6 9. Rc1 O-O 10. e3 a6 11. Be2 Be6 12. O-O Bd6 13. Rfd1 Qg6 14. Nh4 Qf6
15. Nf3 Ne7 16. e4 dxe4 17. Nxe4 Qf4 18. Nxd6 Qxd6 19. Ne5 c6 20. Qa5 Nd5 21.
Bf3 Rad8 22. a3 Bf5 23. g3 Bh3 24. Qc5 Qf6 25. Rd3 Rfe8 26. Be4 Qg5 27. Re1 Nf6
28. Qc3 Nxe4 29. Rxe4 Bf5 30. Nf3 Bxe4 31. Nxg5 Bxd3 32. Nxf7 Kxf7 33. Qxd3 Rd5
34. h4 Red8 35. h5 R8d7 36. g4 Rxd4 37. Qf5+ Kg8 38. g5 hxg5 39. h6 R4d6 40.
hxg7 Kxg7 41. Kf1 Rd5 42. Qe6 Rf7 0-1

[Event "Sevilla Open 2018"]
[Site "Sevilla ESP"]
[Date "2018.01.20"]
[Round "9.12"]
[White "Larino Nieto, David"]
[Black "Schoorl, Rob"]
[Result "1-0"]
[WhiteElo "2464"]
[BlackElo "2275"]
[PlyCount "77"]
[EventDate "2018.01.12"]
[EventType "swiss"]
[EventRounds "9"]
[EventCountry "ESP"]
[SourceTitle "Ajedrez en Madrid"]
[Source "lmi"]
[SourceDate "2018.01.12"]
[SourceVersion "1"]
[SourceVersionDate "2018.01.25"]
[SourceQuality "1"]
[WhiteTeam "España"]
[BlackTeam "Holanda"]
[WhiteTeamCountry "ESP"]
[BlackTeamCountry "NED"]

1. Nf3 Nf6 2. d4 g6 3. Nc3 d6 4. e4 c6 5. Bd3 Qc7 6. e5 dxe5 7. dxe5 Nd5 8.
Nxd5 cxd5 9. c3 Nc6 10. Bb5 e6 11. h4 h6 12. Bf4 Bg7 13. Qd2 a6 14. Bxc6+ bxc6
15. c4 a5 16. Rc1 dxc4 17. O-O Ba6 18. Rfd1 Rd8 19. Qe3 Rd5 20. b3 Qd7 21. Rxd5
cxd5 22. Qc5 Qb5 23. Qd6 Qb7 24. Qc5 Qb5 25. Qe3 Qb7 26. bxc4 Bxc4 27. Nd2 Qc7
28. Rc3 h5 29. Nf3 Bf8 30. Bg5 Qc5 31. Qf4 Be7 32. Bf6 Rf8 33. Nd2 Qb4 34. Rc1
Ba6 35. Qe3 d4 36. Qf3 Bb7 37. Ne4 Qa3 38. Nd6+ Bxd6 39. Rc8+ 1-0

[Event "Sevilla Open 2018"]
[Site "Sevilla ESP"]
[Date "2018.01.20"]
[Round "9.13"]
[White "Rodriguez Perez, Angel Mariano"]
[Black "Gomez Ledo, Roberto Carlos"]
[Result "0-1"]
[WhiteElo "2227"]
[BlackElo "2436"]
[PlyCount "98"]
[EventDate "2018.01.12"]
[EventType "swiss"]
[EventRounds "9"]
[EventCountry "ESP"]
[SourceTitle "Ajedrez en Madrid"]
[Source "lmi"]
[SourceDate "2018.01.12"]
[SourceVersion "1"]
[SourceVersionDate "2018.01.25"]
[SourceQuality "1"]
[WhiteTeam "España"]
[BlackTeam "Cuba"]
[WhiteTeamCountry "ESP"]
[BlackTeamCountry "CUB"]

1. e4 e5 2. Nf3 d6 3. d4 exd4 4. Nxd4 Nf6 5. Nc3 Be7 6. Bc4 O-O 7. O-O c6 8. a4
a5 9. h3 Na6 10. Qe2 Re8 11. Qf3 Nc5 12. Be3 Bf8 13. Bg5 h6 14. Bxf6 Qxf6 15.
Qxf6 gxf6 16. Rfe1 f5 17. exf5 Bd7 18. g4 d5 19. Bb3 Bg7 20. Nf3 Ra6 21. Rxe8+
Bxe8 22. Re1 Kf8 23. h4 Bd7 24. Ne5 Bxe5 25. Rxe5 f6 26. Re2 Rb6 27. Rd2 Rb4
28. f3 Nxb3 29. cxb3 Rxb3 30. Ne4 dxe4 31. Rxd7 exf3 32. Kf2 Rxb2+ 33. Kxf3
Rb3+ 34. Kf4 Rb4+ 35. Kf3 b5 36. Rd6 Ke7 37. Re6+ Kf7 38. Rxc6 Rxa4 39. Rc7+
Ke8 40. Rc6 Ke7 41. Rc7+ Kd8 42. Rf7 b4 43. Rxf6 b3 44. Rd6+ Ke7 45. Rd1 b2 46.
Rb1 Rb4 47. g5 hxg5 48. hxg5 a4 49. g6 Kf6 0-1

[Event "Sevilla Open 2018"]
[Site "Sevilla ESP"]
[Date "2018.01.20"]
[Round "9.14"]
[White "Starostits, Ilmars"]
[Black "Callejas Rojas, Francisco Miguel"]
[Result "1-0"]
[WhiteElo "2431"]
[BlackElo "2127"]
[PlyCount "53"]
[EventDate "2018.01.12"]
[EventType "swiss"]
[EventRounds "9"]
[EventCountry "ESP"]
[SourceTitle "Ajedrez en Madrid"]
[Source "lmi"]
[SourceDate "2018.01.12"]
[SourceVersion "1"]
[SourceVersionDate "2018.01.25"]
[SourceQuality "1"]
[WhiteTeam "Letonia"]
[BlackTeam "España"]
[WhiteTeamCountry "LAT"]
[BlackTeamCountry "ESP"]

1. d4 Nf6 2. Nf3 e6 3. e3 c5 4. Bd3 b6 5. O-O Bb7 6. b3 Be7 7. Bb2 O-O 8. c4
cxd4 9. exd4 d5 10. Nbd2 Nc6 11. Rc1 Rc8 12. Re1 Rc7 13. a3 dxc4 14. bxc4 h6
15. Bb1 Na5 16. Ne5 Qa8 17. Re3 Bxg2 18. d5 Nxd5 19. cxd5 Rxc1 20. Qxc1 Bxd5
21. Qc2 f5 22. Ng6 Bc5 23. Qc3 Rf6 24. Rg3 Nc6 25. Nf3 Bd6 26. Nf4 Qd8 27. Nxd5
1-0